El Pati : Centre d'Estudis i Recursos Culturals Centre d'Estudis i Recursos Culturals
Descripción Física:
44 p. : il. ; 28 cm
MARC
| LEADER | 00000nam a2200000Ia 4500 | ||
|---|---|---|---|
| 001 | 7583 | ||
| 008 | 160829s1986 xx 000 0 cat d | ||
| 080 | |a FU-20-11 | ||
| 245 | |a El Pati : |b Centre d'Estudis i Recursos Culturals | ||
| 260 | |a Barcelona : |b Diputació de Barcelona. Servei de Cultura, |c 1986 | ||
| 300 | |a 44 p. : |b il. ; |c 28 cm | ||
| 590 | |a Textos en català, castellà, anglès i francès. | ||
| 650 | |a Centre d'Estudis i Recursos Culturals (Barcelona) | ||
| 710 | 1 | |a Barcelona (Catalunya : Província). |b Servei de Cultura |9 54401 | |
| 901 | |a Arxiu | ||
| 942 | |n 1 | ||
| 952 | |0 0 |1 0 |4 0 |6 FU2011 |7 1 |9 41899 |a Arxiu |b Arxiu |d 2016-12-01 |l 0 |o FU-20-11 |p 7583 |r 2016-12-01 00:00:00 |w 2016-12-01 |y ARXIU | ||
| 999 | |c 44346 |d 44346 | ||